A simplified presentation of einstein's unified field equations (Record no. 1095)

MARC details
000 -LEADER
fixed length control field 00622nam a2200193Ia 4500
003 - CONTROL NUMBER IDENTIFIER
control field IN-BaIIA
008 - FIXED-LENGTH DATA ELEMENTS--GENERAL INFORMATION
fixed length control field 211028s9999 xx 000 0 eng d
040 ## - CATALOGING SOURCE
Transcribing agency IIA Library
080 ## - UNIVERSAL DECIMAL CLASSIFICATION NUMBER
Universal Decimal Classification number 517.91
Item number LEV
100 ## - MAIN ENTRY--PERSONAL NAME
Personal name Levi-Civita, Tullio
9 (RLIN) 2328
245 #2 - TITLE STATEMENT
Title A simplified presentation of einstein's unified field equations
Statement of responsibility, etc. Tullio Levi-Civita
260 ## - PUBLICATION, DISTRIBUTION, ETC.
Place of publication, distribution, etc. London
Name of publisher, distributor, etc. Blackie
300 ## - PHYSICAL DESCRIPTION
Extent 22p.
650 ## - SUBJECT ADDED ENTRY--TOPICAL TERM
Topical term or geographic name entry element Astronomy and Astrophysics Thesaurus
650 ## - SUBJECT ADDED ENTRY--TOPICAL TERM
Topical term or geographic name entry element Differential Equations
9 (RLIN) 1510
650 ## - SUBJECT ADDED ENTRY--TOPICAL TERM
Topical term or geographic name entry element Unified Field Equations
9 (RLIN) 2329
700 ## - ADDED ENTRY--PERSONAL NAME
Personal name John Dougall, tr.
9 (RLIN) 2330
942 ## - ADDED ENTRY ELEMENTS (KOHA)
Koha item type Books
Holdings
Withdrawn status Lost status Damaged status Not for loan Home library Current library Shelving location Date acquired Total Checkouts Full call number Barcode Date last seen Price effective from Koha item type
        IIA Library-Bangalore IIA Library-Kodaikanal General Stacks     517.91/ LEV 1153 05/11/2021   Books

Powered by Koha